000 00302nam a22001337a 4500
008 171106b xxu||||| |||| 00| 0 eng d
020 _a2900324655239
041 _aeng
080 _26TH
_a330.722.6
100 _a62
101 _aKON
245 _aFINANCIAL ACCOUNTING
_cPORTER,G.A
942 _2udc
_cBK
999 _c37932
_d37932